Europa vs. Europa #3 - Statistiken

Allgemein
  • Dieses Quiz wurde 42 mal gespielt
  • Das Durchschnittsergebnis liegt bei 8 aus 14
Antwortstatistiken
Frage Antwort % Korrekt
...Einwohner? Albanien🇦🇱
100%
...Fläche? Albanien🇦🇱
98%
...Exportmengen? Albanien🇦🇱
93%
...Militär? Albanien🇦🇱
90%
...Bruttoinlandsprodukt? Albanien🇦🇱
80%
...Lebenserwartung? Vatikanstadt🇻🇦
78%
..Gesundheitswesen? Vatikanstadt🇻🇦
73%
...Gewinner? Albanien🇦🇱
58%
...Tourismus? Albanien🇦🇱
43%
...HDI (Human Development Index)? Albanien🇦🇱
38%
...Bruttoinlandsprodukt pro Kopf? Albanien🇦🇱
33%
...Happy Planet Index? Albanien🇦🇱
33%
...durchschnittlicher IQ? Albanien🇦🇱
18%
...Frieden? Albanien🇦🇱
8%
Keine übereinstimmenden Quizze gefunden
Verteilung der Resultate
Anzahl Personen mit jedem Resultat
Perzentil nach korrekt beantworteten Fragen
Ihre Resultats-Entwicklung
Sie haben dieses Quiz noch nicht gespielt